Statystyki dla Przystanki na Warszawskiej Białołęce

Kliknij tutaj aby rozwiązać quiz!

Ogólne statystyki

  • Ten quiz został rozwiązany 25 razy
    (18 od ostatniego zresetowania)
  • Średni wynik to 57 z 188

Statystyki odpowiedzi

PrzystanekLinie% Poprawnych
Olesin120, 134, 314, N14
73%
Białołęka-Ratusz126, 152, 186, 314, 509, 511, 516, 518, 723, 731, N03, N13, N63, Z11
64%
Cementownia126, 314, 326, 705, 735, 736
64%
Grodzisk120, 132, 160, 204, 240, 256, 527, N11
64%
Kobiałka326, 705, 735, 736, N14
64%
Kobiałka-Szkoła120, 314, 326, N14
64%
Nowodwory2, 17, 186, 211, 509, 516, 518, N01, N03, N13, N63
64%
Tarchomin2, 17, 126, 133, 152, 186, 314, 509, 516, 518, N01, N03, N13, N63
64%
Annopol1, 3, 4, 25
55%
Dąbrówka Wiślana211, 511, 900, L49
55%
Fabryka Pomp126, 176, 234, 314, N64, Z-1
55%
Henryków133, 511, 723, 731, N63
55%
Osiedle211
55%
Ostródzka132, 134, 226, 326, 332, N11
55%
Ostródzka-Szkoła134, 152, 226, 314, 326, 332, N14
55%
Płochocińska126, 186, 314, 326, 509, 516, 518, 705, 723, 731, 735, 736, N03, N13, N63
55%
Poetów511, 723, 731, 900, N63
55%
Winnica2, 17, 509, N03
55%
Augustów234
45%
Brzeziny104
45%
Dąbrówka Szlachecka723, 731, 900, N63
45%
Ekspresowa126, 186, 314, 509, 516, 518, 723, 731, N03, N13, N63, Z11
45%
Elektrociepłownia Żerań186, 326, 705, 723, 731, 735, 736, N03, N13, N63, Z11
45%
Frachtowa120, 314, 326, N14
45%
Grodzisk-Kościół120, 132, 240, 256, N11
45%
Grzymalitów2, 17, 211, 509, 516, N03, N13
45%
Juranda ze Spychowa134, 204, 226, 234, 326, 332, N11, N14
45%
Juranda ze Spychowa-Szkoła104, 204, 234, 332, N14
45%
Kąty Grodziskie120, 132, 160, 204, 234, 527, N11
45%
Kępa Tarchomińska211
45%
Małego Rycerza134, 226, 314, 326, N14
45%
Myśliborska2, 17, 126, 152, 186, 211, 314, 509, 518, N01, N03, N13, Z11
45%
Obrazkowa126, 186, 314, 511, 723, 731, N03, N13, N63, Z11
45%
Osiedle Derby132, 152, 160, 527, N11
45%
Osiedle Marywilska126, 176, 314, N64
45%
PKP Żerań126, 176, 314, 326, 705, 735, 736, N64
45%
Ruskowy Bród120, 134, 314, 326, N14
45%
Żiżki723, 731, N63
45%
Aluzyjna211, 723, 731, 900, L49, N63
36%
Augustówek234
36%
Berensona134, 204, 226, 234, 326, 332, N11, N14
36%
Białołęka Dworska152
36%
Białołęka-Kanał104, 152, 314, 332, N14
36%
Brzezińska133, 176, N64
36%
Buków211, 723, 731, L49, N63
36%
Chłodnia126, 176, 234, N64, Z-1
36%
Chlubna900
36%
Choszczówka133, 176, N64
36%
Daniszewska126, 176, 314, N64
36%
Danusi204, 234, 314, 332, N14
36%
Długorzeczna705, 735, 736
36%
Faradaya234, 314, Z-1
36%
Hanki Ordonówny516, 518, N13
36%
Jesiennych Liści120, 132, 160, 240, 256, 332, 527, N11
36%
Kanał Żerański186, 326, 705, 723, 731, 735, 736, N03, N13, N63, Z11
36%
Konwaliowa186, 326, 509, 516, 518, 705, 723, 731, 735, 736, N03, N13, N63, Z11
36%
Kupiecka126, 735, N64
36%
Marcelin126, 176, 314, N64
36%
Mehoffera2, 17, 133, 186, 509, N01, N03, N13, N63
36%
Milenijna126, 152, 186, 211, 314, 509, 518, N03, N13, Z11
36%
Mochtyńska120, 314, 326, N14
36%
Nowodworska516, 518
36%
Odkryta516, 518
36%
Okrągła120, 132, 240, 256, N11
36%
Osiedle Derby III132, 152, 160, 527, N11
36%
Osiedle Derby VI132, 152, 160, 527, N11
36%
Pancera516, 518
36%
Picassa211, 314, 518, N13
36%
PKP Płudy152, 176, N64
36%
Płytowa126, 326, 705, 735, 736, N64
36%
Przylesie900
36%
Śreniawitów2, 17
36%
Stare Świdry2, 17, 211, N01, Z11
36%
Štefánika2, 17, 186, 509, N01, N03, N13, N63
36%
Szamocin326, 705, 735, 736, N14
36%
Wilkowiecka326, 705, 735, 736, N14
36%
Zbyszka z Bogdańca204, N14
36%
Zdziarska120, 134, 226, 234, 326
36%
Zdziarska-Kanał120, 134, 226, 234, 326
36%
Żerań Wschodni234, 314, Z-1
36%
Areszt Śledczy Białołęka152
27%
Aroniowa120, 314, N14
27%
Berensona-Kanał152, 204, 234
27%
Ćmielowska211, 516, N63
27%
Czeremchowa133
27%
Dobka z Oleśnicy104, 152, 314, 332, N14
27%
Echa Leśne104, 204, 234, 332, N14
27%
Fajna120, 226
27%
Gryfitów104, 204, N14
27%
InowłodzkaPrzystanek Zawieszony
27%
Internetowa204, 240, 256
27%
KasztanowaZ11
27%
Klasyków152, 511, 723, 731
27%
LaurowaZ11
27%
Małych Dębów134, 226, 314, 326, N14
27%
Mańkowska134, 326
27%
Marywilska-Las126, 176, 314, N64
27%
Mochtyńska-Kanał120, 314, N14
27%
Odlewnicza234, 314, Z-1
27%
Osiedle Lewandów I120, 132, 240, 256, 332, N11
27%
Osiedle Lewandów II204, 240, 256
27%
Osiedle Olchowy Park120, 226
27%
Parcelacyjna133
27%
Polfa126
27%
PortowaZ11
27%
Przyjazna104, 314, 332, N14
27%
Raciborska133, 176, N64
27%
Sieczna120, 132, 240, 256, N11
27%
Skarbka z Gór132, 152, 160, 204, 234, 527, N11
27%
Świderska2, 17, 211, N01
27%
Szlachecka234, 314
27%
Tarchomin Kościelny2, 17
27%
Tomaszew326, 705, 735, 736, N14
27%
Tymotki134, 326
27%
Verdiego120, 134, 226, 234, 326
27%
Wartka126, 314, 326, 705, 735, 736
27%
Warzelnicza104
27%
Warzelnicza-Szkoła152, 314, 332
27%
Zakłady Zbożowe326, 705, 735, 736
27%
Zegarynki152
27%
Zyndrama z Maszkowic176, N64
27%
Ambaras152
18%
Barei516, N13
18%
Braci Zawadzkich152, 723, 731
18%
Bruszewska326, 705, 735, 736
18%
Bukowska211
18%
Ceramiczna211, 516, N63
18%
Chęcińska133, N63
18%
Ciołkosza516, 518, N13
18%
Ćwiklińskiej211, N63
18%
Dębowa731, L49
18%
DorodnaPrzystanek Zawieszony
18%
Drogowa152, 723, 731
18%
Dzierzgońska211, 516, N13
18%
Erazma z Zakroczymia133
18%
FamilijnaZ11
18%
Główna211
18%
Insurekcji176, N64
18%
Jarzębinowa120, 134, 226, 326
18%
Kaflowa211, 516, N63
18%
Kalenica211
18%
Kamińskiego516, N63
18%
Kopijników104, 204, N14
18%
Krokwi152
18%
Leśnej Polanki133, 211
18%
Mańki-Wojdy134, 226, 314, 326, N14
18%
Ogrody Przyjaciół152
18%
Ojca Aniceta104
18%
Ołówkowa152, 176, N64
18%
Orchowiecka133
18%
Park Magiczny160, 527
18%
Parowozowa176, N64
18%
PłużnickaZ11
18%
Podwójna120, 132, 240, 256, 332, N11
18%
Polnych Kwiatów176, N64
18%
Pomorska211
18%
Porajów211, 314, 518, N01, N13, Z11
18%
Porzeczkowa104
18%
Pośrednia104
18%
PszeniczaPrzystanek Zawieszony
18%
Ruskowy Bród-Szkoła120, 134, 226, 326
18%
Sadkowska152, 176, N64
18%
Smugowa176, N64
18%
Starego Dębu176, N64
18%
Strumykowa211, N63
18%
Talarowa133
18%
Tłuchowska211
18%
Warmińska152
18%
Wielkiego Dębu104, 204, N14
18%
Współczesna134, 226, 326, 332, N11
18%
Zaplecze326, 705, 735, 736
18%
Żyrardowska152
18%
Atrakcyjna120, 234
9%
Bohuna134, 204, 226, 234, 326, 332, N11, N14
9%
Chudoby204, 256
9%
Fletniowa152
9%
Kamykowa204, 234, 332, N14
9%
Krzemienna134, 226, 326, 332, N11
9%
Nowiny326, 705, 735, 736, N14
9%
Oknicka204, 240, 256
9%
Przejezdna226, 314, N14
9%
Przydrożna204, 234, 314, N14
9%
Spichrzowa120, 226, 234
9%
Wałuszewska152
9%
Wyszkowska120, 234
9%
Zaułek-Szkoła256
9%
Śpiewaków176, N64
0%
Szumiących Traw332
0%

Rozkład punktacji

Percentyl według liczby udzielonych odpowiedzi

Procent ludzi z każdym wynikiem

Twoja historia wyników

Nie rozwiązałeś tego quizu od ostatniego zresetowania